Majetková podstata skupiny podnikov prezentovaná v konsolidovanej účtovnej závierke

Konsolidovaná účtovná závierka je účtovná závierka zostavená za skupinu podnikov (materská spoločnosť a všetky jej dcérske spoločnosti) ako účtovná závierka jednej ekonomickej jednotky. Konsolidovaná účtovná závierka poskytuje informácie o finančnej situácii a finančnej výkonnosti skupiny podnikov....

Descripción completa

Guardado en:
Detalles Bibliográficos
Autor principal: Hornická, Renáta, 1977-
Formato: Capítulo de libro
Lenguaje:eslovaco
Materias:
Etiquetas: Agregar Etiqueta
Sin Etiquetas, Sea el primero en etiquetar este registro!

MARC

LEADER 00000nla a2200000 4500
001 0240823
005 20240502073923.9
041 0 |a slo 
044 |a SK 
245 1 0 |a Majetková podstata skupiny podnikov prezentovaná v konsolidovanej účtovnej závierke  |c Renáta Hornická 
520 |a Konsolidovaná účtovná závierka je účtovná závierka zostavená za skupinu podnikov (materská spoločnosť a všetky jej dcérske spoločnosti) ako účtovná závierka jednej ekonomickej jednotky. Konsolidovaná účtovná závierka poskytuje informácie o finančnej situácii a finančnej výkonnosti skupiny podnikov. Na základe údajov z konsolidovanej účtovnej závierky je možné posúdiť aj majetkovú podstatu skupiny podnikov. Pre posudzovanie majetkovej podstaty skupiny podnikov je dôležitý spôsob získania dcérskeho podniku (založením dcérskeho podniku alebo podnikovou kombináciou). 
610 2 0 |a závierka účtovná konsolidovaná 
610 2 0 |a majetok 
610 2 0 |a aktíva 
610 2 0 |a záväzky 
610 2 0 |a goodwill 
610 2 0 |a spoločnosti materské 
610 2 0 |a spoločnosti dcérske 
610 2 0 |a akvizícia 
610 2 0 |a kombinácie podnikové 
610 2 0 |a metódy účtovné 
100 1 |a Hornická, Renáta, 1977-